000 00874nam a22001937a 4500
008 100617s1992 ua|||||r|||| 000 0 ara d
082 _222
_a617.1027
_bري ا
100 _914860
_aرياض، أسامة
245 _aكيف تصلح عيوب جسمك ؟ /
_b
_cأسامة رياض
260 _aالقاهرة:
_bمؤسسة أخبار اليوم ، 1992
_c1992
300 _a133 ص :
_bصور؛
_c19 سم
490 _914838
_a ؛كتاب اليوم الطبي
_v135
541 _a ؛علاء عبد الغني
_cإهداء ؛
650 _914861
_aالتمرينات الرياضية
650 _921743
_aالطب الرياضي
650 _917153
_aالصحة العامة
942 _2ddc
_cBB
999 _c14110
_d14110